000 01330nam a2200241Ia 4500
008 0000002017 sp a 0000000000spa00
020 _a9788470756443
090 _aPSP00 S84e2
110 1 _aFundación Juan March. Madrid
245 1 0 _aEsteban Lisa
_b: el gabinete abstracto, programa de mano
_c/ Fundación Juan March ; diseño Adela Morán
300 _a1 plegable [6] p.
_c/ 23 cm.
500 _aEl plegable incluye obras y listado de las mismas y equivale al programa de mano de la Exposición\ Artista nacido en España y desde muy niño fue llevado a Buenos Aires, lugar en donde desarrolló su vida y obra \ Exposición realizada en: Museu Fundación Juan March, Palma, Mallorca entre el 1 de febrero y el 20 de mayo de 2017 \ El centro de documentación incluye versión en inglés del mismo catálogo, consultarlo con clasificación: PSP00 S84e1
600 0 0 _a LISA, ESTEBAN, 18951983/
_xTRABAJOS PICTORICOS
650 1 4 _a PINTURA ABSTRACTA ESPAÑOLA
650 1 4 _aARTE ABSTRACTO ARGENTINO
650 1 4 _aARTE ABSTRACTO ESPAÑOL
650 1 4 _aARTISTAS PLASTICOS ESPAÑOLES CRITICA E INTERPRETACION
650 1 4 _xCATALOGOS
650 1 4 _aENSAYOS, CONFERENCIAS, ETC
650 1 4 _xEXPOSICIONES
650 1 4 _aPINTURA ABSTRACTA ARGENTINA
999 _c16193
_d16193
260 _aMadrid : Fundación Juan March
_c, 2017